<?xml version="1.0" encoding="UTF-8"?>
<marc:record xmlns:marc="http://www.loc.gov/MARC21/slim">
   <marc:leader>00000nam a2200000 a 4500</marc:leader>
   <marc:datafield ind1="1" ind2=" " tag="100">
      <marc:subfield code="a">Maxian, Beate</marc:subfield>
      <marc:subfield code="4">aut</marc:subfield>
      <marc:subfield code="e">Verfasser/-in</marc:subfield>
   </marc:datafield>
   <marc:datafield ind1=" " ind2=" " tag="653">
      <marc:subfield code="a">Krimi</marc:subfield>
   </marc:datafield>
   <marc:datafield ind1="0" ind2="0" tag="245">
      <marc:subfield code="a">Mord im Sacher</marc:subfield>
   </marc:datafield>
   <marc:datafield ind1=" " ind2="1" tag="264">
      <marc:subfield code="b">Wilhem Goldmann Verlag</marc:subfield>
      <marc:subfield code="c">2019</marc:subfield>
   </marc:datafield>
   <marc:datafield ind1="1" ind2=" " tag="490">
      <marc:subfield code="a">Ein Wien-Krimi</marc:subfield>
   </marc:datafield>
   <marc:datafield ind1="1" ind2=" " tag="520">
      <marc:subfield code="a">Im Hotel Sacher wird ein rauschendes Frühlingsfest gefeiert, und Journalistin Sarah Pauli ist für Wiener Boten unter den illustren Gästen. Die Feier ist in vollem Gange, als plötzlich ein Schrei ertönt - in den Waschräumen wurde die Leiche einer jungen Frau gefunden. Wie sich herausstellt, war die Tote Konditiorin in einer nicht weit vom Sacher entfernten Patisserie. Die Boulevard-Presse hat schnell den Täter ausgemacht: Max Brückner, Chef und Exfreund der Ermordeten. Sarah ist skeptisch und stößt bald auf rätselhafte Kuchenverzierungen und jede Menge dunkle Geheimnisse...</marc:subfield>
   </marc:datafield>
   <marc:datafield ind1=" " ind2=" " tag="020">
      <marc:subfield code="a">9783442487820</marc:subfield>
      <marc:subfield code="9">9783442487820</marc:subfield>
   </marc:datafield>
</marc:record>
